MORFOLOGIA GRECA

保存先:
書誌詳細
第一著者: Zenoni Giovanni (autor)
フォーマット: 図書
タグ: タグ追加
タグなし, このレコードへの初めてのタグを付けませんか!

MARC

LEADER 00000nam^a2200000^a^4500
001 000211226
005 20250521000000.0
009 20260310103417.796
035 |a 020905 
037 |a Acervo Xavier Clavigero 
082 |a 472.  |b ZEN 
100 |a Zenoni Giovanni  |e (autor) 
245 1 0 |a MORFOLOGIA GRECA 
264 |a VENEZIA :  |b EMILIANA,  |c 1901 
336 |a texto  |b txt  |2 rdacontenido 
337 |a sin mediación  |b n  |2 rdamedio 
338 |a volumen  |b nc  |2 rdasoporte 
649 |a XX 
910 |a Fondo General 
920 |a Impresos - Libros 
930 |a Colección General 
905 |a 101 
901 |a 020905  |b IT1  |c ACC  |i 020905  |u 20250521 
902 |a https://opac.biblio.iteso.mx/vufind/Record/000211226